| 000 | 00347nam a2200145Ia 4500 | ||
|---|---|---|---|
| 005 | 20251222151341.0 | ||
| 008 | 251222s9999||||xx |||||||||||||| ||spa|| | ||
| 020 | _a9786073215084 | ||
| 082 | _a664.028.6/B14 | ||
| 100 | _aBadui Dergal, Salvador | ||
| 245 | 0 | _aQuĂmica de los Alimentos | |
| 250 | _a5ta. ed. | ||
| 264 | _bPEARSON | ||
| 942 | _cLIB | ||
| 999 |
_c24472 _d24472 |
||